000 00438nab a2200145Ia 4500
003 ES-SlBCS
005 20210601130450.0
008 140529s1965 xxu||||| |||| 00| 0 fre d
041 _afre
100 1 _aRostenne, Paul
_9173288
245 0 0 _aPour une métaphysique de l'amour
_c Paul Rostenne
650 0 4 _aMetafísica del Amor
_9173317
773 0 _tGiornali di Metafisica
_gvol. 20, nº. 3, 1965, págs. 237-262
_w0017-0372
942 _cAR
999 _c547142
_d547142